01218 2200205 4500001002100000005001500021035002000036245009200056100001200148250001700160300003200177700001200209700001600221260003100237082000800268084001400276020002200290650001400312520068600326INLIS00000000000013420240508082908 a0010-05240000561 aSalam 5 in 1 :buntuk MI Kelas II Semester 1 Jilid 2A /cSuyanto; Turmudi; Abd. Rokhim0 aSuyanto acetakan ke-1 ax, 180 hlm :bilus ;c26 cm0 aTurmudi0 aAbd. Rokhim aJakarta :bErlangga,c2021 a297 a297 SUY s a978-623-266-311-4 4aPengayaan aBuku Salam 5 in 1 diperuntukkan untuk peserta didik Madrasah Ibtidaiyah (MI) yang terdiri dari empat mata pelajaran, yaitu Al-Qur'an dan Hadits, Aqidah dan Akhlak, Fiqih, dan Bahasa Arab. Buku ini dilengkapi dengan ringkasan materi, berbagai soal latihan, skala sikap, dan penilaian harian. Buku ini dibagi ke dalam dua semester, yaitu jilid A untuk semester ganjil dan jilid B untuk semester genap. Buku ini disusun mengacu pada Keputusan Menteri Agama (KMA) No. 183 Tahun 2019. Buku ini dapat menjadi buku pegangan bagi peserta didik maupun guru dalam proses belajar mengajar. Dengan adanya buku ini diharapkan proses belajar mengajar menjadi lebih menyenangkan dan terarah